000 00954nam a2200229Ia 4500
001 L235-9510
003 IT-CnALBA
008 170116s9999||||xx |||||||||||||| ||und||
040 _aIT-CnALBA
_cIT-CnALBA
041 _aITALIANO
100 _aGIORIO PIETRO, SACERDOTE
245 0 _aMEMORIE INTORNO A STEFANO PROTOMARTIRE.
250 _a1a ed.
260 _aALBA (CN)
_bSANSOLDI TIP. LIBR. DIOCESANA
_c1915 [1° Ed.:1915 - Ed.Ling.Originale: 1915]
300 _a158 p. (prefazione: 5)
500 _aELEZIONE DEI DIACONI. SANTO STEFANO PROTOMARTIRE. MARTIRIO RELIQUIE. CULTO MIRACOLI. NOTIZIE DI PAESI OMONIMI.
501 _aSocietà San Paolo EM - Piazza San Paolo, 14 - 12051 ALBA (CN) (non commercial uses only) ® Copyright 2017
520 _aELEZIONE DEI DIACONI. SANTO STEFANO PROTOMARTIRE. MARTIRIO RELIQUIE. CULTO MIRACOLI. NOTIZIE DI PAESI OMONIMI.
650 _aMARIA SS. ANGELI SANTI DEMONI
942 _cBK
957 _71
999 _a10486
_bSI
_g Copie: 1
_c268686
_d268686